| 000 | 00547nam a2200217Ia 4500 | ||
|---|---|---|---|
| 003 | OSt | ||
| 005 | 20220928145005.0 | ||
| 006 | a|||||r|||| 00| 0 | ||
| 007 | ta | ||
| 008 | 220927b |||||||| |||| 00| 0 eng d | ||
| 024 | _a77965 | ||
| 037 | _cTextual | ||
| 040 |
_aSDCL _cSDCL _beng |
||
| 041 |
_2eng _aeng |
||
| 082 | _aX79F.73'N8, M3 | ||
| 100 |
_aBarker Michael Ed. _9511051 |
||
| 245 | 0 | _aState taxation policy. | |
| 260 | _c1983 | ||
| 942 |
_hX79F.73'N8, M3 _cTEXL _2CC |
||
| 999 |
_c831274 _d831274 |
||